Harry Potter - Statistics

Estatísticas Gerais
  • Esse quiz foi jogado 781 vezes
  • A pontuação média é 5 de 15
Estatísticas das Respostas
Hint Resposta % Correto
Completa a frase "É Levi-O-sa, não…” Levi-o-SA
98%
Na primeira reunião do Clube de Duelo, Draco Malfoy invocou qual animal com o feitiço 'Serpensortia'? Serpente
83%
Qual era o primeiro nome do fundador da casa da Sonserina? Salazar
74%
Que feitiço Harry usou para matar Lord Voldemort? Expelliarmus
65%
Qual posição Harry joga em seu time de Quadribol? Apanhador
56%
Qual elemento está associado a Hufflepuff? Terra
45%
Quem foi o goleiro obcecado por Quadribol da Grifinória entre 1987 e 1994? Oliver Wood
33%
Qual é a senha que Ron e Hermione, disfarçados de Crabbe e Goyle, usam para entrar na sala comunal da Sonserina? Sangue Puro
11%
O feitiço 'Felifors' transforma um gato em um quê? Caldeirão
7%
Qual era o nome do elfo doméstico da família Black? Kreacher
4%
O que é um testrálio? Cavalo alado invisível
3%
Qual é o nome do cachorro de 3 cabeças de Hagrid que protege a Pedra Filosofal? Macio
1%
O que o usuário do Mapa do Maroto deve dizer após usá-lo, para reiniciá-lo? Trapaça administrada
1%
Qual era o nome do animal que agia como pomo nos primeiros jogos de quadribol? Golden Snidget
0%
Quem nocauteia o troll no banheiro feminino em Harry Potter e a Pedra Filosofal? Rum
0%
Nenhum quiz correspondente encontrado
Distribuição das Pontuações
Porcentagem de Pessoas com Cada Pontuação
Percentil de Números Respondidos
Sua Pontuação Histórica
Você não jogou esse quiz